000 00512nam a2200181Ia 4500
005 20250508150413.0
008 008 250505s9999 xx 000 0 eng d
037 _aTextual
040 _aFEDL
_beng
_cFEDL
041 _aeng
_2eng
084 _a640.7, SPA
_qFEDL
100 _aSpafford Ivol
_9756610
245 0 _aFunctioning program of home economics
260 _aNew York, USA
_bJohn Wiley and Sons
_c1940
300 _axiii,469p.
942 _cTEXL
_h640.7, SPA
999 _c1323460
_d1323460